000 01840nam a2200457 i 4500
001 7651
003 KOSZ 005
005 20200706101341.0
008 200422s1973 pl a f 000 0 pol
015 _aPB 1973/7767
035 _a(OCoLC)749762169
040 _aWA N
_cWA N
_dKOSZ 005/HR
041 1 _apol
_hrum
046 _k1970
080 _a631.2
080 _a636
245 0 0 _aPrzemysłowe fermy chowu zwierząt :
_bprojektowanie, budowa, wyposażenie /
_cLulu Călin [et al.] ; tłumaczenie Irena Filipkiewicz ; komentarz Jerzy Matykiewicz.
246 1 _iTytuł oryginału:
_aComplexe agrozootehnice de tip industrial :
_bsistematizare, are constructţii, instalaţii.
260 _aWarszawa :
_b"Arkady",
_c1973.
300 _a392, [3] strony, [2] karty tablic :
_bilustracje ;
_c25 cm.
336 _aTekst
_btxt
_2rdacontent
337 _aBez urządzenia pośredniczącego
_bn
_2rdamedia
338 _aWolumin
_bnc
_2rdacarrier
380 _aKsiążki
380 _aPublikacje fachowe
388 _a1901-2000
388 _a1945-1989
504 _aBibliografia na stronach 392-[393].
521 8 _aPraca przeznaczona jest dla projektantów budynków rolniczych, specjalistów produkcji zwierzęcej i budownictwa inwentarskiego oraz techników budownictwa wiejskiego.
650 7 _aBudownictwo inwentarskie
650 7 _aProjektowanie i konstrukcja
655 7 _aPraca zbiorowa
658 _aArchitektura i budownictwo
658 _aRolnictwo i leśnictwo
700 1 _aCălin, Lulu
_eAutor
700 1 _aFilipkiewicz, Irena
_eTłumaczenie
700 1 _aMatykiewicz, Jerzy
_eKomentarz
710 2 _aWydawnictwo Arkady
_4pbl
856 _uhttp://koha.tu.koszalin.pl/cgi-bin/koha/opac-detail.pl?biblionumber=7651
_yKatalog online BPK
942 _2UKD
_cKS
999 _c7651
_d7651